Statystyki dla Zawodnicy urodzeni w XXI wieku na mundialu w Katarze

Kliknij tutaj aby rozwiązać quiz!

Ogólne statystyki

  • Ten quiz został rozwiązany 10 razy
  • Średni wynik to 11 z 74

Statystyki odpowiedzi

ReprezentacjaRok urodzeniaZawodnik% Poprawnych
Hiszpania2004Gavi
100%
Hiszpania2002Pedri
100%
Polska2002Nicola Zalewski
78%
Anglia2001Bukayo Saka
67%
Polska2002Jakub Kamiński
67%
Anglia2003Jude Bellingham
56%
Hiszpania2002Ansu Fati
44%
Belgia2002Jeremy Doku
44%
USA2002Yunus Musah
44%
Portugalia2003Antonio Silva
33%
Francja2002Eduardo Camavinga
33%
Brazylia2001Rodrygo
33%
Hiszpania2002Yeremi Pino
33%
Hiszpania2001Eric Garcia
22%
Portugalia2001Goncalo Ramos
22%
Kostaryka2004Jewison Bennette
22%
Chorwacja2002Josko Gvardiol
22%
Korea2001Kang-in Lee
22%
Ekwador2001Moises Caicedo
22%
Walia2001Neco Williams
22%
Hiszpania2002Nico Williams
22%
Niemcy2004Youssoufa Moukoko
22%
Hiszpania2003Alejandro Balde
11%
Belgia2001Amadou Onana
11%
Argentyna2001Enzo Fernandez
11%
Urugwaj2001Facundo Pellistri
11%
Australia2004Garang Kuol
11%
Niemcy2002Karim Adeyemi
11%
Holandia2002Kenneth Taylor
11%
Ekwador2002Piero Hincapie
11%
Serbia2001Strahinja Pavlović
11%
Argentyna2001Thiago Almada
11%
Francja2001William Saliba
11%
Holandia2003Xavi Simons
11%
Belgia2003Zeno Debast
11%
Maroko2001Abde Ezzalzouli
0%
Ghana2004Abdul Fatawu Issahaku
0%
Kostaryka2002Alvaro Zamora
0%
Kostaryka2001Anthony Hernandez
0%
Szwajcaria2002Ardon Jashari
0%
Niemcy2001Armel Bella-Kotchap
0%
Maroko2004Bilal El Khannous
0%
Kostaryka2003Brandon Aguilera
0%
Walia2001Brennan Johnson
0%
Belgia2001Charles de Ketelaere
0%
Ghana2001Daniel Afriyie
0%
Kostaryka2001Daniel Chacon
0%
Szwajcaria2002Fabian Rieder
0%
Senegal2001Formose Mendy
0%
Brazylia2001Gabriel Martinelli
0%
USA2002Giovanni Reyna
0%
Arabia Saudyjska2001Haitham Asiri
0%
Tunezja2003Hannibal Mejbri
0%
Ghana2002Ibrahim Danlad
0%
Serbia2001Ivan Ilić
0%
Katar2002Jassem Gaber
0%
Ekwador2002Jeremy Sarmiento
0%
USA2002Joe Scally
0%
Holandia2001Jurrien Timber
0%
Ghana2002Kamaldeen Sulemana
0%
Chorwacja2002Luka Sucić
0%
Urugwaj2001Manuel Ugarte
0%
Australia2001Marco Tilio
0%
Katar2001Mostafa Meshaal
0%
Katar2001Naif Al-Hadhrami
0%
Senegal2001Nicolas Jackson
0%
Portugalia2002Nuno Mendes
0%
Senegal2002Pape Matar Sarr
0%
Kostaryka2002Roan Wilson
0%
Walia2002Rubin Colwill
0%
Kamerun2003Simon Ngapandouetnbu
0%
Serbia2001Strahinja Eraković
0%
Japonia2001Takefusa Kubo
0%
Ekwador2001William Pacho
0%

Rozkład punktacji

Percentyl według liczby udzielonych odpowiedzi

Procent ludzi z każdym wynikiem

Twoja historia wyników

Nie rozwiązałeś tego quizu